| 000 | 01026cam a22002534a 4500 | ||
|---|---|---|---|
| 005 | 20151105122608.0 | ||
| 008 | 151105s1999 xxu frb 001 0 eng d | ||
| 020 | _a9780231113236 | ||
| 035 |
_a(OCoLC)40675060 _z(OCoLC)49395827 _z(OCoLC)316419099 |
||
| 040 |
_aCO-BoUCM _bspa _cSandra Palacio _dSandra Palacio |
||
| 041 | 0 | _aeng | |
| 100 | 1 |
_aLynch, Marc _d1969- _973197 |
|
| 245 | 1 | 0 |
_aState interests and public spheres _bthe international politics of Jordan's identity _cMarc Lynch |
| 260 |
_aNueva York (Estados Unidos) _bColumbia University Press _c1999 |
||
| 300 | _axii, 327 páginas | ||
| 504 | _aIncluye referencias bibliográficas e índices | ||
| 650 | 7 |
_aRelaciones internacionales _98042 _xHistoria _zJordania |
|
| 650 | 7 |
_aSociedad civil _zJordania _924718 |
|
| 650 | 7 |
_aOpinión pública _920772 _xHistoria _zJordania |
|
| 650 | 1 | 7 |
_aIdentidad nacional _917119 _zJordania |
| 690 |
_942844 _aHistoria de Asia |
||
| 942 |
_2DEWEY _a21 _cLIBRO _e1 _h956.9504 _mL987st |
||
| 999 |
_c301632 _d301632 |
||